Statistics for Urban Dictionary Country Descriptions

Click here to take the quiz!

General Stats

  • This quiz has been taken 24 times
  • The average score is 12 of 15

Answer Stats

DescriptionCountry% Correct
A figment of your imagination where everything wants to kill you and there are roos and weird sounding British people everywhere.Australia
100%
The country where Hitler wasn't born.Germany
100%
A place where the only currency is vodka. Also, they seem to love Trump.Russia
100%
Pain but the S is silent.Spain
100%
A country that claims the name of an entire continent to itself alone for no compelling reason.United States of America
100%
A country that is really big. And a copy of Portugal.Brazil
90%
Home of all the garbage electronics that break in two weeks.China
90%
Home of some of the best food, cars, fashion, and shotguns in the world.Italy
90%
Where your computer was built. Also, a good place to catch a tropical disease.India
81%
Most Americans cannot distinguish it from SwitzerlandSweden
76%
Country at the top bottom of the Americas. Known for its high party levelArgentina
71%
Definition removed by the government of ________North Korea
67%
A mystic land covered by clouds so you can't see it 50% of the time.New Zealand
57%
A place that is very far away and difficult to get to.Egypt
38%
A great country to spend a vacation in, not the place to raise your childrenIran
24%

Score Distribution

Percentile by Number Answered

Percent of People with Each Score

Your Score History

You have not taken this quiz